Pla d'acció cultural de Berga
Publicado:
Barcelona :
Diputació de Barcelona. Àrea de Cultura. Centre d'Estudis i Recursos Culturals (CERC) : Ajuntament de Berga ,
2004
Descripción Física:
175 p. : taules ; 30 cm
Materias:
Berga (Catalunya) -- Política cultural
MARC
| LEADER | 00000nam a2200000Ia 4500 | ||
|---|---|---|---|
| 001 | 20909 | ||
| 008 | 160829s2004 xx 000 0 cat d | ||
| 080 | |a M-6-109 | ||
| 245 | |a Pla d'acció cultural de Berga | ||
| 260 | |a Barcelona : |b Diputació de Barcelona. Àrea de Cultura. Centre d'Estudis i Recursos Culturals (CERC) : |b Ajuntament de Berga, |c 2004 | ||
| 300 | |a 175 p. : |b taules ; |c 30 cm | ||
| 651 | 0 | |a Berga (Catalunya) |x Política cultural |9 55180 | |
| 710 | 1 | |a Barcelona (Catalunya : Província). |b Centre d'Estudis i Recursos Culturals |9 52487 | |
| 710 | |a Berga (Catalunya). |b Ajuntament |9 53206 | ||
| 710 | 1 | |a Barcelona (Catalunya : Província). |b Àrea de Cultura |9 53536 | |
| 901 | |a Arxiu | ||
| 942 | |n 1 | ||
| 952 | |0 0 |1 0 |4 0 |6 M6109 |7 1 |9 51582 |a Arxiu |b Arxiu |d 2016-12-01 |l 0 |o M-6-109 |p 20909 |r 2016-12-01 00:00:00 |w 2016-12-01 |y ARXIU | ||
| 999 | |c 55427 |d 55427 | ||